LEADER 01096nam a2200265 i 4500 001 991002543379707536 005 20020508202036.0 008 011025s1984 us ||| | eng 020 $a0198268130 035 $ab11025591-39ule_inst 035 $aPARLA164678$9ExL 040 $aDip.to Filol. Class. e di Scienze Filosofiche$bita 100 1 $aLactantius, Lucius Caecilius Firmianus $0287856 245 10$aDe mortibus persecutorum /$cedited and translated by J.L. Creed 260 $aOxford ; New York :$bClarendon Press,$c1984 300 $aXLVII, 148 p. ;$c21 cm 490 0 $aOxford early Christian texts 700 1 $aCreed, J. L. 907 $a.b11025591$b23-02-17$c28-06-02 912 $a991002543379707536 945 $aLE007 870.1 Lactantius 1984-01$g1$i2007000057469$lle007$o-$pE0.00$q-$rl$s- $t0$u2$v1$w2$x0$y.i11145778$z28-06-02 945 $aLE007 870.1 Lactantius 1984-01$g2$i2015000117540$lle007$o-$pE0.00$q-$rl$s- $t0$u2$v1$w2$x0$y.i1448206x$z07-06-07 996 $aDe mortibus persecutorum$920313 997 $aUNISALENTO 998 $ale007$b01-01-01$cm$da $e-$feng$gus $h0$i1